The naked battle /

Wedi'i Gadw mewn:
Manylion Llyfryddiaeth
Prif Awdur: Cartland, Barbara, 1902-
Fformat: Llyfr
Iaith:English
Cyhoeddwyd: London : Hutchinson, 1978.
Pynciau:
LEADER 00909nam a2200253 a 4500
001 c000102986
003 CARM
005 19940124000000.0
008 841017s1978 enk 000 1 eng d
015 |a B7809776 
019 1 |a 4006632  |z 64946040  |5 LACONCORD2021 
020 |a 009133280X :  |c L.3.95 : CIP rev. 
035 |a (OCoLC)59079709  |5 LACONCORD2021 
040 |a BNB  |b eng  |c BNB  |d ABN:1V 
082 0 4 |a 823/.9/1  |2 18 
100 1 |a Cartland, Barbara,  |d 1902- 
245 1 4 |a The naked battle /  |c Barbara Cartland. 
260 |a London :  |b Hutchinson,  |c 1978. 
300 |a 159 p. ;  |c 21cm. 
500 |a Fiction in English, 1900-. Texts (BNB/PRECIS) 
650 0 |a English fiction. 
852 8 |b CARM  |h A2:AG06A0  |i B03356  |p 0158935  |f BK 
999 f f |i 90f6c197-d126-5e95-baf6-7901f72c94ff  |s 53ec4bbc-3be9-53dd-9823-2d41c25dd582 
952 f f |p Can circulate  |a CAVAL  |b CAVAL  |c CAVAL  |d CARM 1 Store  |e B03356  |f A2:AG06A0  |h Other scheme  |i book  |m 0158935